Navrhovanie súčiastok použitím generatívneho dizajnu
Saved in:
| Main Author: | |
|---|---|
| Other Authors: | |
| Format: | Manuscript Book |
| Language: | Slovak |
| Published: |
2019
|
| Subjects: | |
| Online Access: | http://is.stuba.sk/zp/portal_zp.pl?podrobnosti=139532 |
| Tags: |
No Tags, Be the first to tag this record!
|
MARC
| LEADER | 00000ntm a22000003a 4500 | ||
|---|---|---|---|
| 001 | stuzp73310 | ||
| 003 | SK-STU | ||
| 005 | 20190622211232.1 | ||
| 007 | ta | ||
| 008 | 150427s2015----xo-----f-mn---000-0-slo-d | ||
| 040 | |a STU |b slo | ||
| 041 | 0 | |a slo | |
| 100 | 1 | |a Bugyi, Jakub |u 063000 |4 aut |U MTF Materiálovotechnologická fakulta |T MTF Ústav výrobných technológií |X 88333 |U M3000 |Y 83 |7 88333 | |
| 242 | 0 | 1 | |a Parts designing using a generative design |y eng |
| 245 | 1 | 0 | |a Navrhovanie súčiastok použitím generatívneho dizajnu |
| 260 | |c 2019 | ||
| 650 | 4 | |a Generative design |2 slo | |
| 650 | 4 | |a Generatívny dizajn |2 slo | |
| 650 | 4 | |a CAD |2 slo | |
| 650 | 4 | |a počítačom podporovaný návrh |2 slo | |
| 650 | 4 | |a 3D navrhovanie |2 slo | |
| 650 | 4 | |a výrobné technológie |2 slo | |
| 650 | 4 | |a generative design |2 eng | |
| 650 | 4 | |a CAD |2 eng | |
| 650 | 4 | |a computer aided design |2 eng | |
| 650 | 4 | |a 3D design |2 eng | |
| 650 | 4 | |a product technologies |2 eng | |
| 700 | 1 | |a Buranský, Ivan |u 063000 |k Z1 |4 ths |U MTF Materiálovotechnologická fakulta |T MTF Ústav výrobných technológií |X 4587 |U M3000 |Y 83 |7 A000004587 | |
| 856 | 4 | |u http://is.stuba.sk/zp/portal_zp.pl?podrobnosti=139532 | |
| 996 | |c M* BP-8638 |l MMSKP |s P |a 0 |w stuzp73310_0001 | ||